000 00542nam a22001937a 4500
003 OSt
005 20240724114954.0
008 240724b |||||||| |||| 00| 0 eng d
020 _a0130190322
040 _cMUST
082 _222
_a339 OSU 2001
100 _aO'sullivan, Arthur
_919007
245 _aMacroeconomics:
_bPrinciples and tools/
_cArthur O'sullivan
260 _aToronto
_bPrentice Hall
_c2001
300 _axxix, 416p.
_bcol. ill.
_c26cm
504 _aGlossary and index included
650 _2Macroeconomics
942 _2ddc
_cO_SHELF
999 _c9297
_d9297